| 000 | 00815nam a2200289 a 4500 | ||
|---|---|---|---|
| 001 | 73893 | ||
| 003 | BD-RJUL | ||
| 005 | 20211209082447.0 | ||
| 008 | 170614s1968 enka b 001 0 eng d | ||
| 020 | _a0521071070 | ||
| 035 | _a(BD-RJUL)74111 | ||
| 040 |
_aDLC _cDLC _dBD-RJUL _beng |
||
| 041 | _aeng | ||
| 082 |
_223 _a547.75 _bELP 1968 |
||
| 090 |
_aQD431 _b.E48 |
||
| 099 | _aQD431.E48 | ||
| 100 | 1 |
_aElmore, Donald Trevor _9218849 |
|
| 245 | 1 | 0 |
_aPeptides and proteins / _c[by] D. T. Elmore |
| 260 |
_aLondon : _bCambridge U.P., _c1968. |
||
| 300 |
_axi, 154 p. : _bill. ; _c23 cm. |
||
| 490 | 1 | _aCambridge chemistry texts | |
| 504 | _aBibliography: p. 147-149 & Index. | ||
| 650 | 0 |
_aPeptides _9218850 |
|
| 650 | 0 |
_aProteins. _9218851 |
|
| 830 | 0 |
_aCambridge chemistry texts _9218953 |
|
| 942 |
_2ddc _cBK |
||
| 999 |
_c73893 _d73893 |
||